MLB 2023 Gold Glovers - Statistics

General Stats
  • This quiz has been taken 50 times
    40 since last reset
  • The average score is 7 of 22
Answer Stats
Position Player % Correct
RF Fernando Tatis Jr.
53%
1B Christian Walker
50%
2B Andrés Giménez
40%
C Jonah Heim
40%
3B Matt Chapman
40%
SS Anthony Volpe
37%
3B Ke'Bryan Hayes
37%
Team Toronto Bluejays
37%
RF Adolis García
33%
CF Kevin Kiermaier
33%
SS Dansby Swanson
30%
C Gabriel Moreno
30%
UT Ha-Seong Kim
30%
P José Berríos
30%
Team Milwaukee Brewers
27%
1B Nathaniel Lowe
27%
2B Nico Hoerner
27%
LF Steven Kwan
27%
CF Brenton Doyle
23%
LF Ian Happ
23%
UT Mauricio Dubón
20%
P Zack Wheeler
20%
No matching quizzes found
Score Distribution
Percent of People with Each Score
Percentile by Number Answered
Your Score History
You have not taken this quiz since the last reset